<?xml version="1.0" encoding="UTF-8"?>
<marc:record xmlns:marc="http://www.loc.gov/MARC21/slim">
   <marc:leader>00000nam a2200000 a 4500</marc:leader>
   <marc:datafield ind1="1" ind2=" " tag="100">
      <marc:subfield code="a">Wigand, Achim</marc:subfield>
      <marc:subfield code="4">aut</marc:subfield>
      <marc:subfield code="e">Verfasser/-in</marc:subfield>
   </marc:datafield>
   <marc:datafield ind1=" " ind2=" " tag="653">
      <marc:subfield code="a">Führer</marc:subfield>
   </marc:datafield>
   <marc:datafield ind1=" " ind2=" " tag="653">
      <marc:subfield code="a">München</marc:subfield>
   </marc:datafield>
   <marc:datafield ind1="0" ind2="0" tag="245">
      <marc:subfield code="a">München</marc:subfield>
   </marc:datafield>
   <marc:datafield ind1="0" ind2="0" tag="245">
      <marc:subfield code="c">Wigand, Achim</marc:subfield>
   </marc:datafield>
   <marc:datafield ind1=" " ind2="1" tag="264">
      <marc:subfield code="a">Erlangen</marc:subfield>
      <marc:subfield code="b">Michael Müller Verlag</marc:subfield>
      <marc:subfield code="c">2025</marc:subfield>
   </marc:datafield>
   <marc:datafield ind1="1" ind2=" " tag="490">
      <marc:subfield code="a">MM City</marc:subfield>
   </marc:datafield>
   <marc:datafield ind1=" " ind2=" " tag="250">
      <marc:subfield code="a">9. Auflage, revidierte Ausgabe</marc:subfield>
   </marc:datafield>
   <marc:datafield ind1="1" ind2=" " tag="520">
      <marc:subfield code="a">Die Facetten Münchens: Museen und Oktoberfest mit Achim Wigand&#xD;
                &#xD;
                &#xD;
                    Reiseführer München – umfassend, übersichtlich, unentbehrlich&#xD;
                &#xD;
                &#xD;
&#xD;
  Die 9. Auflage des München-Reiseführers nimmt Sie auf 312 Seiten mit in&#xD;
  die Hauptstadt Bayerns. 43 Detailkarten und ein&#xD;
        herausnehmbarer Stadtplan inkl. Straßenbahnübersicht sorgen für Ihre&#xD;
  Orientierung. Autor Achim Wigand begleitet Sie auf zwölf Touren durch&#xD;
  die Stadt selbst, auf weiteren fünf Ausflügen. 170 Farbfotos zeigen&#xD;
  Ihnen München Sehenswürdigkeiten und die ganze Pracht und Vielfalt der Stadt&#xD;
  an der Isar. Tipps und Hintergrundinfos zu Stadtgeschichte, Kultur- und&#xD;
  Nachtleben, München mit Kindern und zu Vielem mehr runden den Städteführer ab.&#xD;
&#xD;
                &#xD;
                    Der Reiseführer München auf einen Blick&#xD;
                &#xD;
                &#xD;
                    12 Touren durch die Hauptstadt Bayern widmen sich allen Teilen der&#xD;
    Stadt und zeigen Ihnen, was Sie unbedingt sehen sollten. Die ersten drei&#xD;
    Touren führen durch die Altstadt, mit dem Isartor, dem&#xD;
                Bürgersaal, dem Stachus und dem Kreuzviertel. Die&#xD;
    Touren 4,5 und 6 führen Sie mit den Spaziergängen nicht nur zum&#xD;
    Elitewohnheim im Maximilianeum, zum Nationaltheater und&#xD;
                Haus der Kunst, sondern zeigen Ihnen auch mit der&#xD;
                Feldherrnhalle und dem Odeonsplatz Inspirationen aus Florenz.&#xD;
                Der Englische Garten steht mit auf dem Programm. Bei der Tour 7 dreht&#xD;
    sich alles um Kaufen, Essen, Trinken und Tanzen. Auf der berühmten&#xD;
                Museumsinsel von München führt Sie Achim Wigand zum&#xD;
                Deutschen Museum, was mit ca. 30.000 Exponaten die größte&#xD;
    wissenschaftlich-technische Sammlung der Welt ist. Was darf sonst nicht&#xD;
    fehlen? Der Planetenweg, die Theresienwiese, die Maxvorstadt&#xD;
    mit den weltberühmten Pinakotheken, der Viktualienmarkt sowie&#xD;
    der Olympiapark mit dem Olympiastadion und der&#xD;
                BMW-Welt. Die im City-Guide beschriebenen Spaziergänge führen Sie&#xD;
    durch alle sehenswerten Teile der Stadt.&#xD;
        &#xD;
                    &#xD;
    Nachdem Sie mit uns die Stadt München erkundet haben, führen wir Sie zu den&#xD;
                Vorstadtschlössern: Nymphenburg, Blutenburg, Schleißheim und Dachau.&#xD;
        &#xD;
                    &#xD;
    Die Routen werden detailliert beschrieben, mit Hinweisen zu Öffnungszeiten&#xD;
    und Eintrittspreisen für alles, was Sie während ihrer Spaziergänge&#xD;
    interessant finden könnten. Es gibt ausreichend Abwechslung für Ihre&#xD;
    kulturellen, historischen oder modernen Interessen während Ihres Besuchs.&#xD;
    Erkunden Sie mit uns und Achim Wigand alle davon.&#xD;
        &#xD;
                &#xD;
                &#xD;
&#xD;
                &#xD;
                    Unschlagbares Bundle: Buch &amp; App&#xD;
                &#xD;
                &#xD;
&#xD;
  Die mmtravel® App zum City-Guide München ist gratis mit dabei, denn Buch&#xD;
  &amp; App gehören für uns einfach zusammen. Nutzen Sie den Freischaltcode im&#xD;
  Umschlag zum kostenlosen Download und laden Sie den kompletten Inhalt des&#xD;
  Reiseführers mit Online-Karten und GPS-Ortung auf Ihr Smartphone oder Tablet.&#xD;
&#xD;
                &#xD;
                    Authentisch reisen mit den Reiseführern aus dem Michael Müller Verlag&#xD;
                &#xD;
                &#xD;
&#xD;
  Was ist das Besondere an den Michael-Müller-Reiseführern? Sie sind von&#xD;
  Reisenden für Reisende gemacht. Unsere Autorinnen und Autoren recherchieren&#xD;
  immer vor Ort, sie schreiben über Dinge, die sie selbst erlebt und getestet&#xD;
  haben. Unabhängig, ehrlich, authentisch.</marc:subfield>
   </marc:datafield>
   <marc:datafield ind1=" " ind2=" " tag="020">
      <marc:subfield code="a">9783966855457</marc:subfield>
      <marc:subfield code="9">9783966855457</marc:subfield>
   </marc:datafield>
   <marc:datafield ind1=" " ind2=" " tag="020">
      <marc:subfield code="a">3966855453</marc:subfield>
      <marc:subfield code="9">3966855453</marc:subfield>
   </marc:datafield>
   <marc:datafield ind1=" " ind2=" " tag="041">
      <marc:subfield code="a">ger</marc:subfield>
   </marc:datafield>
   <marc:datafield ind1=" " ind2=" " tag="300">
      <marc:subfield code="b">Fotos</marc:subfield>
   </marc:datafield>
   <marc:datafield ind1=" " ind2=" " tag="338">
      <marc:subfield code="a">Band</marc:subfield>
   </marc:datafield>
   <marc:datafield ind1=" " ind2=" " tag="300">
      <marc:subfield code="a">1 Faltkarte</marc:subfield>
   </marc:datafield>
</marc:record>
